| 000 | 00000nas 2200000za 4500 |
| 001 | 9.830881 |
| 003 | CaOODSP |
| 005 | 20221107145628 |
| 007 | cr ||||||||||| |
| 008 | 170119d19341948oncar p oss f0###a0eng|d |
| 040 | |aCaOODSP|beng |
| 041 | |aeng|afre |
| 043 | |an-cn--- |
| 086 | 1 |aCS42-212-PDF |
| 245 | 00|aCarriages, sleighs and vehicle supplies |h[electronic resource] = |bVoitures, traîneaux et pièces de charronnerie. |
| 246 | 11|aVoitures, traîneaux et pièces de charronnerie |
| 260 | |aOttawa : |bDominion Bureau of Statistics, Forestry Branch = Bureau fédéral de la statistique, Section forestière, |c[1935?-1950?] |
| 310 | |aAnnual |
| 362 | 0 |a1934-1948. |
| 490 | 0 |aCensus of Industry |
| 500 | |aDigitized edition from print [produced by Statistics Canada]. |
| 500 | |aTitle from caption. |
| 500 | |aIssue for 1948 published in series: D.B.S. memorandum. |
| 520 | |aPrincipal statistics of the carriage industry in Canada, including number of establishments, capital investment, employees and salaries, fuel usage, electricity costs, cost of materials and value of products. |
| 546 | |aText in English and French. |
| 550 | |aIssued 1945-1946 by Forest Product Statistics; 1947-1948 by Forestry Section. |
| 692 | 07|2gccst|aTransport |
| 692 | 07|2gccst|aManufacturing industry |
| 710 | 1 |aCanada. |bDominion Bureau of Statistics. |bForestry Branch. |
| 710 | 1 |aCanada. |bDominion Bureau of Statistics. |bForest Products Statistics. |
| 710 | 1 |aCanada. |bDominion Bureau of Statistics. |bForestry Section. |
| 780 | 00|tThe carriage, wagon, and vehicle supplies industry in Canada |w(CaOODSP)9.830878 |
| 785 | 00|tThe miscellaneous transportation equipment industry |w(CaOODSP)9.830884 |
| 792 | |tCarriages, sleighs and vehicle supplies |efre|w(CaOODSP)9.830883 |